000 00399 a2200133 4500
000 nam a22 7a 4500
100 _aमीना
110 _aमीना
245 _aउर्वशी का काव्य सोंदर्य
250 _aLatest edition
260 _bआर पब्लिकेशन
_c2024
264 _bआर पब्लिकेशन
_c2024
942 _cBK
999 _c396706
_d396706